| 000 | 00554nam a2200217 a 4500 | ||
|---|---|---|---|
| 999 |
_c3010 _d3010 |
||
| 001 | 3010 | ||
| 003 | BD-JhCC | ||
| 005 | 20171109111814.0 | ||
| 008 | 171109s2006 bg ||||| |||| 00| 0 ben d | ||
| 020 | _a9844104726 | ||
| 035 | _a(BD-JhCC)3010 | ||
| 040 |
_aBD-JhCC _dBD-JhCC |
||
| 041 | _aben | ||
| 082 |
_a891.4435 _bSAK 2006 |
||
| 100 | _aশাকুর, আবদুস | ||
| 245 |
_aআঘাত / _cআবদুস শাকুর |
||
| 300 |
_a125 p. : _c21 cm. |
||
| 650 | _aCollection of Short Stories | ||
| 942 |
_2ddc _cBK |
||